MARC details
| 000 -CABECERA |
| campo de control de longitud fija |
01105nam a2200253 a 4500 |
| 001 - NÚMERO DE CONTROL |
| campo de control |
000021337 |
| 005 - FECHA Y HORA DE LA ÚLTIMA TRANSACCIÓN |
| campo de control |
20200930011313.0 |
| 008 - DATOS DE LONGITUD FIJA--INFORMACIÓN GENERAL |
| campo de control de longitud fija |
100906s1997 dr abc 001 0 spa d |
| 040 ## - FUENTE DE LA CATALOGACIÓN |
| Centro catalogador/agencia de origen |
DO-SdBNP |
| Lengua de catalogación |
spa |
| Centro/agencia transcriptor |
BNPHU |
| 082 ## - NÚMERO DE LA CLASIFICACIÓN DECIMAL DEWEY |
| Número de clasificación |
122 |
| Número de documento/Ítem |
A174l |
| 100 1# - ENTRADA PRINCIPAL--NOMBRE DE PERSONA |
| Nombre de persona |
Acevedo, Carlos, |
| Fechas asociadas al nombre |
1939- |
| 9 (RLIN) |
44576 |
| 245 13 - MENCIÓN DE TÍTULO |
| Título |
El libro de las coincidencias / |
| Mención de responsabilidad, etc. |
Carlos Acevedo ; prólogo Pablo Juan Brugal Muñoz. |
| 246 13 - FORMA VARIANTE DE TÍTULO |
| Título propio/Titulo breve |
El libro de las coincidencias : |
| Resto del título |
una aventura por el mundo de lo increíble. |
| 260 ## - PUBLICACIÓN, DISTRIBUCIÓN, ETC. |
| Lugar de publicación, distribución, etc. |
Puerto Plata, República Dominicana : |
| Nombre del editor, distribuidor, etc. |
HKM Computarizado, |
| Fecha de publicación, distribución, etc. |
1997. |
| 300 ## - DESCRIPCIÓN FÍSICA |
| Extensión |
247, [10] p. : |
| Otras características físicas |
il., mapas, retrs. ; |
| Dimensiones |
28 cm. |
| 500 ## - NOTA GENERAL |
| Nota general |
Incluye datos biográficos del autor en la contracubierta. |
| 500 ## - NOTA GENERAL |
| Nota general |
Incluye bibliografía y notas al pie de páginas. |
| 504 ## - NOTA DE BIBLIOGRAFÍA, ETC. |
| Nota de bibliografía, etc. |
Bibliografía : p. 254-255 |
| 590 ## - NOTA LOCAL (RLIN) |
| Nota local |
Inventariado, 2018/LP |
| 650 #4 - PUNTO DE ACCESO ADICIONAL DE MATERIA--TÉRMINO DE MATERIA |
| Término de materia o nombre geográfico como elemento de entrada |
Historia |
| Subdivisión general |
Curiosidades y enigmas |
| 9 (RLIN) |
44577 |
| 651 #4 - PUNTO DE ACCESO ADICIONAL DE MATERIA--NOMBRE GEOGRÁFICO |
| Nombre geográfico |
República Dominicana |
| Subdivisión general |
Vida Social Y Costumbres |
| -- |
Anécdotas, Chístes, Sátiras, Etc. |
| 9 (RLIN) |
40040 |
| 700 1# - PUNTO DE ACCESO ADICIONAL--NOMBRE DE PERSONA |
| Nombre de persona |
Brugal Muñoz, Pablo Juan, |
| Término indicativo de función/relación |
prólogo |
| 9 (RLIN) |
44578 |
| 910 ## - DATOS DE OPCIÓN DEL USUARIO (OCLC) |
| Datos de opción del usuario |
Validado. Control de la calidad EMS |